| 000 | 00865nam a22002297a 4500 | ||
|---|---|---|---|
| 005 | 20100812161438.0 | ||
| 010 | _aENG-99884 | ||
| 020 |
_a9788173198021 _c650.00 |
||
| 035 | _aEN-83416 | ||
| 037 | _bDBAD/PUB | ||
| 082 | _a512.482 | ||
| 245 |
_aAlgebraic groups and homogeneous spaces Mumbai 2004 / _cedited by V.B. Mehta |
||
| 260 |
_aNew Delhi _bNarosa Publishing House _c2007 |
||
| 270 |
_a22 Delhi Medical Association Road, Daryaganj _bNew Delhi _e110002 |
||
| 300 |
_a543p. _c25cm (Hb) |
||
| 500 | _aincludes bibliographical references | ||
| 650 |
_aHomogenous spaces _912041 |
||
| 650 |
_aLie algebras _912042 |
||
| 700 |
_aMehta, V.B. _912039 |
||
| 942 |
_2ddc _cEN _h512.482 _mALG |
||
| 999 |
_c41456 _d41456 |
||